| 000 | 02105nam a22003977a 4500 | ||
|---|---|---|---|
| 005 | 20090120124325.0 | ||
| 008 | 090120t xxu||||| |||| 00| 0 eng d | ||
| 010 | _aB-358820 | ||
| 020 |
_a0060788240 _c$ 3.50 Rs. 179.00 |
||
| 020 |
_a9780060788247 _c$ 3.50 Rs. 179.00 |
||
| 020 |
_a9780060788247 _c250.00 |
||
| 035 | _aB-358820 | ||
| 035 | _aB-335858-860 | ||
| 037 | _bBlueberry Books | ||
| 040 |
_adpl _bEnglish |
||
| 082 | _aS | ||
| 100 | _aStine, R. L. | ||
| 245 |
_aParty poopers / _cby R.L. Stine; illustrations by Trip Park |
||
| 260 |
_aNew York _bHarperCollins _c2006 |
||
| 270 |
_a1350 Avenue of the Americas, _bNew York _e10019 |
||
| 300 |
_a110, 5p. : _bill., map ; _c22cm(Hb) |
||
| 490 | _aRotten School ; 9 | ||
| 500 | _a"A Parachute Press Book." | ||
| 520 | _aJennifer Ecch is in love with Bernie Bridges and Bernie decides to become the nastiest, grossest, most disgusting kid in school to try to shake her interest. | ||
| 650 |
_aBoarding schools _vFiction. |
||
| 650 |
_aSchools _vFiction. |
||
| 650 |
_aDating (Social customs) _vFiction. |
||
| 700 | _aPark, Trip | ||
| 942 |
_2ddc _cCH _hS _mSTI |
||
| 999 |
_c21637 _d21637 |
||